Normal view
MARC view
Entry Personal Name
001 - CONTROL NUMBER
- control field: 862012
003 - CONTROL NUMBER IDENTIFIER
- control field:
005 - DATE AND TIME OF LATEST TRANSACTION
- control field: 20210627084812.0
008 - FIXED-LENGTH DATA ELEMENTS
- fixed length control field: 210627|| aca||aabn | a|a d
040 ## - CATALOGING SOURCE
- Original cataloging agency:
- Transcribing agency:
100 ## - HEADING--PERSONAL NAME
- Personal name: Page, David P.
- Fuller form of name: (David Perkins),
- Dates associated with a name: 1810-1848
670 ## - SOURCE DATA FOUND
- Source citation: Work cat.: ()745125: Page, David P. (David Perkins), 1810-1848, Theory and practice of teaching /, 1899
